ILO - Declaration on fundamental principles and rights at work and its follow-up adopted by the International Labour Conference at its eighty-sixth session, Geneva, 18 June 1998

Bibliographic Details
Corporate Author: Medzinárodná organizácia práce (Author)
Format: Book
Language:English
PhysicalDescription:13 s. 21 cm
Published: [Geneva International Labour Office] 1998
ISBN:9221108295
Subjects:

MARC

LEADER 00000nam a2200000 a 4500
001 vtls001351018
003 SK-MaSNL
005 20260301114822.0
008 251124s1998 CH 0 eng
020 |a 9221108295  |c [188,00] 
035 |a SNK000304371 
040 |a SNK  |b slo  |c SNK  |e AACR2 
044 |a CH 
080 |a 061.2(100):331  |2 1981 
110 0 |a Medzinárodná organizácia práce  |4 aut  |9 18131 
245 1 |a ILO - Declaration on fundamental principles and rights at work and its follow-up  |b adopted by the International Labour Conference at its eighty-sixth session, Geneva, 18 June 1998 
260 |a [Geneva  |b International Labour Office]  |c 1998 
300 |a 13 s.  |c 21 cm 
610 0 7 |a Medzinárodná organizácia práce  |a Ženeva, Švajčiarsko  |x práca  |x dohody pracovné  |x aplikácie  |x správy  |2 SNK  |9 458857 
611 1 7 |a Medzinárodná organizácia práce  |a Ženeva, Švajčiarsko  |x práca  |x dohody pracovné  |x aplikácie  |x správy  |2 SNK  |9 458858 
650 0 7 |a práca  |x práva  |x princípy základné  |x materiály MOP  |2 SNK  |9 458859 
919 |a 92-2-110829-5 
999 |c 719880  |d 721810 
952 |t P60, <04>, [BOOK], {604}  |a SNK  |b SNK  |y VYP  |7 0  |p 17A0168007  |o snkOIC 6607  |i snkV 1609/98  |0 0  |1 0  |4 0  |d 1998-12-15  |l 0  |r 2005-01-02 00:00:00  |w 2026-02-23